| 000 | 00969cam a22002775a 4500 | ||
|---|---|---|---|
| 999 |
_c27572 _d27543 |
||
| 003 | WaSeSS | ||
| 005 | 20201128024417.0 | ||
| 006 | m d | ||
| 007 | cr n | ||
| 008 | 050208t2005 enk frb 001 0 eng d | ||
| 020 | _a9780750662123 | ||
| 020 | _a0750662123 | ||
| 040 |
_aCaPaEBR _cCaPaEBR _dWaSeSS _dEG-ScBUE _beng |
||
| 082 | 0 | 4 |
_a658.001 _222 _bLAN |
| 100 | 1 |
_aLancaster, Geoffrey, _d1938- _911644 |
|
| 245 | 1 | 0 |
_aResearch methods in management : _ba concise introduction to research in management and business consultancy / _cGeoff Lancaster. |
| 260 |
_aOxford : _bElsevier/Butterworth Heinemann, _cc.2005. |
||
| 300 |
_aviii, 258 p. ; _c24 cm. |
||
| 504 | _aIncludes bibliographical references and index. | ||
| 650 | 7 |
_aManagement _xResearch _xMethodology. _2BUEsh _939908 |
|
| 650 | 7 |
_aBusiness _xResearch _xMethodology. _2BUEsh _91465 |
|
| 650 | 7 |
_aBusiness consultants. _2BUEsh _936651 |
|
| 651 | _2BUEsh | ||
| 653 |
_bBUSADM _cJuly2019 |
||
| 942 | _2ddc | ||